| 000 | 01187cam a2200325 i 4500 | ||
|---|---|---|---|
| 001 | 17083290 | ||
| 003 | EG-ScBUE | ||
| 005 | 20241210112257.0 | ||
| 008 | 111214s2012 enkad f b f001 0 eng d | ||
| 020 | _a9780199641178 | ||
| 040 |
_aDLC _beng _erda _cDLC _dEG-ScBUE |
||
| 082 | 0 | 4 |
_a519.55 _bDUR _222 |
| 100 | 1 |
_aDurbin, J. _q(James), _d1923-2012, _eauthor. _938198 |
|
| 245 | 1 | 0 |
_aTime series analysis by state space methods / _cJ. Durbin, London School of Economics and Political Science and University College London, S. J. Koopman, Vrije Universiteit Amsterdam. |
| 250 | _aSecond edition. | ||
| 264 | 1 |
_aOxford : _bOxford University Press, _c2012. |
|
| 300 |
_axxi, 346 pages : _bcharts, tables ; _c25 cm. |
||
| 336 |
_2rdacontent _atext _btxt |
||
| 337 |
_2rdamedia _aunmediated _bn |
||
| 338 |
_2rdacarrier _avolume _bnc |
||
| 490 | 0 |
_aOxford statistical science series ; _v38 |
|
| 504 | _aIncludes bibliographical references and index. | ||
| 650 | 7 |
_aTime-series analysis. _2BUEsh |
|
| 650 | 7 |
_aState-space methods. _2BUEsh |
|
| 651 | _2BUEsh | ||
| 653 |
_bBUSECO _cJune2015 |
||
| 655 | _vReading book | ||
| 700 | 1 |
_aKoopman, S. J. _q(Siem Jan) _eauthor. |
|
| 942 |
_2ddc _cBB |
||
| 999 |
_c19523 _d19495 |
||